LEADER 00869nam0-22002771i-450- 001 990006567980403321 005 20001010 035 $a000656798 035 $aFED01000656798 035 $a(Aleph)000656798FED01 035 $a000656798 100 $a20001010d--------km-y0itay50------ba 101 0 $aita 105 $ay-------001yy 200 1 $a<>new dictionary of economics and anking$eenglish-italian, italian-english= dizionario commerciale inglese-italiano,italiano-inglese$fLivio Codeluppi 210 $aMilano$cCisalpino Goliardica$d1989 215 $aXXII, 1466 p., 24 cm 700 1$aCodeluppi,$bLivio$0246552 801 0$aIT$bUNINA$gRICA$2UNIMARC 901 $aBK 912 $a990006567980403321 952 $aXXX COD. 543$b11257$fFSPBC 959 $aFSPBC 996 $aNew dictionary of economics and anking$9624255 997 $aUNINA DB $aGEN01 LEADER 01976nam 2200601 450 001 996466407303316 005 20230508142837.0 010 $a3-030-78346-4 035 $a(CKB)5470000001298868 035 $a(MiAaPQ)EBC6796346 035 $a(Au-PeEL)EBL6796346 035 $a(OCoLC)1286080484 035 $a(PPN)25829843X 035 $a(EXLCZ)995470000001298868 100 $a20220721d2021 uy 0 101 0 $aeng 135 $aurcnu|||||||| 181 $ctxt$2rdacontent 182 $cc$2rdamedia 183 $acr$2rdacarrier 200 00$aGeometric and harmonic analysis on homogeneous spaces and applications $eTJC 2019, Djerba, Tunisia, December 15-19 : in honor of Professor Takaaki Nomura /$fAli Baklouti, Hideyuki Ishi, editors 210 1$aCham, Switzerland :$cSpringer,$d[2021] 210 4$d©2021 215 $a1 online resource (268 pages) 225 1 $aSpringer Proceedings in Mathematics & Statistics ;$vVolume 366 311 $a3-030-78345-6 410 0$aSpringer proceedings in mathematics & statistics ;$vVolume 366. 606 $aHarmonic analysis$vCongresses 606 $aLie groups$vCongresses 606 $aAnàlisi harmònica$2thub 606 $aGrups de Lie$2thub 606 $aGeometria algebraica$2thub 606 $aGrups topològics$2thub 606 $aGeometry, Algebraic$vCongresses 608 $aCongressos$2thub 608 $aLlibres electrònics$2thub 615 0$aHarmonic analysis 615 0$aLie groups 615 7$aAnàlisi harmònica 615 7$aGrups de Lie 615 7$aGeometria algebraica 615 7$aGrups topològics 615 0$aGeometry, Algebraic 676 $a515.2433 702 $aBaklouti$b Ali 702 $aIshi$b Hideyuki 801 0$bMiAaPQ 801 1$bMiAaPQ 801 2$bMiAaPQ 906 $aBOOK 912 $a996466407303316 996 $aGeometric and Harmonic Analysis on Homogeneous Spaces and Applications$91563101 997 $aUNISA